LEADER 00447nab a2200145 i 4500 001 000000291164 003 CaOOAMICUS 005 20180831165500.0 008 180831n xx uu u0 0und r 013 $a46496 040 $aSeMil$bita 245 10$a[vedi periodico]. 500 $aOctobre 2016. 773 0 $tInnovation religieuse.$dQuébec (Canada) : Université Laval, 2016 (copyr. 2017)$w()254958 996 $6245$a[vedi periodico]$9(OLS)http://semarc/title/309439 LEADER 00444nab a2200145 i 4500 001 000000311534 003 CaOOAMICUS 005 20180831173035.0 008 180831n xx uu u0 0und r 013 $a20622 040 $aSeMil$bita 100 1 $aMinoretti, Carlo Dalmazio .$0(OLS)http://semarc/name/10304 245 13$aIl modernismo. 773 0 $t[Luglio-Dicembre].$g449-458$w()274191 996 $6245$aIl modernismo$9(OLS)http://semarc/title/220079